[Event "CHIJ III"]
[Site "SchemingMind.com"]
[Date "2020.04.09"]
[Round "-"]
[White "JAHI"]
[Black "Kenny Elliott"]
[Result "1-0"]
[WhiteCountry "INT"]
[BlackCountry "USA"]
[WhiteElo "2039"]
[WhiteRD "66"]
[BlackElo "1631"]
[BlackRD "62"]
[GameID "453202"]

1. c3 e5 2. g3 Nf6 3. Bg2 d5 4. d3 Nc6 5. Bg5 Be7 6. Bxf6 Bxf6 7. h3 O-O 8. h4 Bf5 9. h5 h6 10. Nd2 Qe7
11. Bxd5 Qd6 12. Bg2 a5 13. Qc2 b5 14. Ne4 Bxe4 15. Bxe4 b4 16. Kf1 Qc5 17. Nf3 Ra6 18. e3 Bg5 19. d4 exd4 20. Qd3 dxe3
21. Qxa6 bxc3 22. Qxc6 cxb2 23. Rb1 Qa3 24. Nxg5 hxg5 25. h6 exf2 26. Bh7+ Kxh7 27. hxg7+ Kxg7 28. Qh6+ Kg8 29. Qh7#
1-0

[Event "CHIJ III"]
[Site "SchemingMind.com"]
[Date "2020.04.09"]
[Round "-"]
[White "JAHI"]
[Black "Geoffrey Rosser"]
[Result "1-0"]
[WhiteCountry "INT"]
[BlackCountry "ENG"]
[WhiteElo "2039"]
[WhiteRD "66"]
[BlackElo "1907"]
[BlackRD "60"]
[GameID "453203"]

1. c3 e5 2. g3 Nf6 3. Bg2 d5 4. d3 Be7 5. h3 Nbd7 6. h4 Nc5 7. Nh3 Bd7 8. d4 exd4 9. cxd4 Nce4 10. Nc3 Bb4
11. Qb3 Bxc3+ 12. bxc3 O-O 13. Bg5 Re8 14. Kf1 Bxh3 15. Rxh3 Nxg5 16. hxg5 Ne4 17. Bxe4 Rxe4 18. Qxb7 Qc8 19. Qxc8+ Rxc8 20. Rb1 Rce8
21. e3 g6 22. Rb7 R8e7 23. Rxa7 Rg4 24. a3 Rxg5 25. a4 Rf5 26. Kg2 Rf6 27. a5 Rc6 28. Rh1 Rxc3 29. Ra8+ Kg7 30. Ra1 Rc2
31. a6 Rxe3 32. a7 Ree2 33. Rg8+ Kxg8 34. a8=Q+ Kg7 35. Qxd5 Rxf2+ 36. Kg1 Rf5 37. Qe4 Rff2 38. Qe5+ Rf6 39. Rf1
1-0

[Event "CHIJ III"]
[Site "SchemingMind.com"]
[Date "2020.04.09"]
[Round "-"]
[White "abuteague"]
[Black "JAHI"]
[Result "0-1"]
[WhiteCountry "USA"]
[BlackCountry "INT"]
[WhiteElo "1662"]
[WhiteRD "78"]
[BlackElo "2063"]
[BlackRD "70"]
[GameID "453204"]

1. d4 d6 2. c4 g6 3. Nf3 Bg7 4. e3 Bg4 5. Be2 Bxf3 6. Bxf3 c6 7. O-O h6 8. Nc3 h5 9. b4 h4 10. h3 Nd7
11. Bb2 Qc7 12. Rb1 Kf8 13. a4 Re8 14. c5 d5 15. b5 e6 16. bxc6 bxc6 17. Ba1 Ne7 18. Qd2 Kg8 19. Rb2 Kh7 20. Rfb1 Rb8
21. e4 Rxb2 22. Rxb2 Rb8 23. e5 Rxb2 24. Bxb2 Qb8 25. Qc1 f6 26. exf6 Bxf6 27. Bg4 Bxd4 28. Bxe6 Bxf2+ 29. Kxf2 Nxc5 30. Qc2 Nxe6
31. Ne2 Qb6+ 32. Kf1 Nf5 33. Qc3 Ne3+ 34. Ke1 d4 35. Qd2 c5 36. Kf2 Qxb2
0-1

[Event "CHIJ III"]
[Site "SchemingMind.com"]
[Date "2020.04.09"]
[Round "-"]
[White "David Perna-Fraser"]
[Black "JAHI"]
[Result "1-0"]
[WhiteCountry "CAN"]
[BlackCountry "INT"]
[WhiteElo "1839"]
[WhiteRD "74"]
[BlackElo "2127"]
[BlackRD "71"]
[GameID "453205"]

1. e4 d6 2. d4 g6 3. Nc3 Bg7 4. Nf3 Bg4 5. Be3 h6 6. h3 Bxf3 7. Qxf3 h5 8. O-O-O a6 9. Bc4 e6 10. h4 a5
11. e5 d5 12. Nxd5 exd5 13. Bxd5 Qd7 14. Bxf7+ Qxf7 15. Qxb7 Ne7 16. Qxa8 Kd7 17. d5 Bxe5 18. Rhe1 Bd6 19. Qb7 Rd8 20. Qb5+ Kc8
21. Qxa5 c6= 22. dxc6 Nexc6 23. Qa4 Bc7 24. Rxd8+ Nxd8 25. Kb1 Qd5 26. g4 Ndc6 27. gxh5 gxh5 28. Bg5 Ne5 29. Qe4 Qxe4 30. Rxe4 Nbc6
31. Rf4 Kd7 32. a4 Bd6 33. b3 Ng4 34. Rf3 Nce5 35. Rf4 Nc6 36. Rf3 Nce5 37. Rf5 Ke6 38. Rf4 Nc6 39. Re4+ Kf5 40. f3 Bg3
41. fxg4+ Kxe4 42. gxh5 Bb8 43. h6 Be5 44. Bc1 Kf5 45. Bb2 Bf6 46. h7 Kg6 47. Bxf6 Kxh7 48. Kb2 Kg6 49. Bg5 Nb4 50. Kc3 Nd5+
51. Kd4 Nc7 52. c4 Kf7 53. b4 Ke8 54. b5 Kd7 55. a5 Ke6 56. a6 Kd7 57. Kc5 Ne6+ 58. Kb6 Nc7 59. Kb7 Ne6 60. a7 Nc7
61. b6 Ne8 62. c5 Ke6 63. a8=Q Kf7 64. Qd8 Ke6 65. Qxe8+ Kd5 66. Qd7+ Ke4 67. Kc6 Kf3 68. Qe6 Kg2 69. Qf5 Kg1 70. Qc2 Kf1
71. Be3 Ke1 72. Qd2+ Kf1 73. Qf2#
1-0

[Event "CHIJ III"]
[Site "SchemingMind.com"]
[Date "2020.04.09"]
[Round "-"]
[White "theredguard"]
[Black "JAHI"]
[Result "0-1"]
[WhiteCountry "USA"]
[BlackCountry "INT"]
[WhiteElo "1360"]
[WhiteRD "96"]
[BlackElo "2039"]
[BlackRD "66"]
[GameID "453206"]

1. e4 d6 2. f4 g6 3. Nf3 Bg4 4. Bc4 e6 5. h3 Bxf3 6. Qxf3 Bg7 7. c3 Nd7 8. d4 Ne7 9. O-O h6 10. Be3 h5
11. Nd2 h4 12. Qg4 d5 13. exd5 Nf6 14. dxe6 Nxg4 15. exf7+ Kf8 16. hxg4 Nd5 17. Rae1 Nxe3 18. Rxe3 Bxd4
0-1

[Event "CHIJ III"]
[Site "SchemingMind.com"]
[Date "2020.04.09"]
[Round "-"]
[White "JAHI"]
[Black "Raymond de Kemp"]
[Result "1/2-1/2"]
[WhiteCountry "INT"]
[BlackCountry "NED"]
[WhiteElo "2104"]
[WhiteRD "67"]
[BlackElo "1822"]
[BlackRD "63"]
[GameID "453207"]

1. c3 d5 2. g3 Nf6 3. Bg2 e5 4. d3 c6 5. Qc2 Bf5 6. Bg5 Bc5 7. e3 h6 8. Bxf6 Qxf6 9. Nd2 Nd7 10. Ne2 O-O
11. h3 Rfe8 12. h4 Rad8 13. h5 Bg4 14. c4 d4 15. e4 Bd6 16. f3 Be6 17. Kf1 b5 18. Bh3 Bxh3+ 19. Rxh3 Bb4 20. Kg2 Nc5
21. Rg1 Ne6 22. Rhh1 Bxd2 23. Qxd2 bxc4 24. dxc4 d3 25. Nc3 Nd4 26. Rf1 Rb8 27. Rf2 Red8 28. Nd1 Nc2 29. b3 a5 30. Ne3 Nxe3+
31. Qxe3 a4 32. bxa4 Rb4 33. Rd1 Rxa4 34. Rxd3 Rxc4 35. Rxd8+ Qxd8 36. Qb3 Rd4 37. a3 Qa5 38. Qb7 c5 39. Qb8+ Rd8 40. Qxe5 Qxa3
41. f4 Rd3 42. Kh2 Rxg3 43. Qe8+ Kh7 44. Qd7 c4 45. Qf5+ Kg8 46. Qc8+ Kh7 47. Qf5+ Kg8=
1/2-1/2

[Event "CHIJ III"]
[Site "SchemingMind.com"]
[Date "2020.04.09"]
[Round "-"]
[White "JAHI"]
[Black "Paul Clarkson"]
[Result "1-0"]
[WhiteCountry "INT"]
[BlackCountry "CAN"]
[WhiteElo "2104"]
[WhiteRD "67"]
[BlackElo "2009"]
[BlackRD "93"]
[GameID "453209"]

1. c3 Nf6 2. c4 g6 3. Nc3 Bg7 4. g3 O-O 5. Bg2 d6 6. h3 e5 7. h4 Nc6 8. h5 Nxh5 9. Rxh5 gxh5 10. d3 Rb8
11. Nf3 Bg4 12. Bg5 Qd7 13. Nd5 Bxf3 14. Bxf3 f6 15. Be3 Qf7 16. Kd2 Nd4 17. Bxd4 exd4 18. Qh1 Bh6+ 19. Kc2 c6 20. Bxh5 Qg7
21. Nf4 Bxf4 22. gxf4 Kh8 23. Bf3 c5 24. Rg1 Qe7 25. Qh5 f5 26. Bd5 b5 27. cxb5 Rxb5 28. b3 a5 29. Qxf5 Qxe2+ 30. Kc1 Rbb8
31. Qg5
1-0

[Event "CHIJ III"]
[Site "SchemingMind.com"]
[Date "2020.04.09"]
[Round "-"]
[White "Steven DuCharme"]
[Black "Raymond de Kemp"]
[Result "0-1"]
[WhiteCountry "USA"]
[BlackCountry "NED"]
[WhiteElo "1569"]
[WhiteRD "54"]
[BlackElo "1871"]
[BlackRD "66"]
[GameID "453210"]

1. Nf3 d5 2. e3 Nc6 3. c4 d4 4. d3 e5 5. Be2 Nf6 6. O-O Be7 7. a3 O-O 8. e4 h6 9. b4 a6 10. h3 b6
11. Bd2 Bb7 12. Nxe5 Nxe5 13. f4 Nxd3 14. Bxd3 Nxe4 15. a4 Ng3 16. Be1 Nxf1 17. Kxf1 Bd6 18. g3 Qd7 19. f5 Qc6
0-1

[Event "CHIJ III"]
[Site "SchemingMind.com"]
[Date "2020.04.08"]
[Round "-"]
[White "Raymond de Kemp"]
[Black "Kenny Elliott"]
[Result "1-0"]
[WhiteCountry "NED"]
[BlackCountry "USA"]
[WhiteElo "1871"]
[WhiteRD "66"]
[BlackElo "1635"]
[BlackRD "63"]
[GameID "453211"]

1. d4 Nf6 2. Bf4 g6 3. e3 Bg7 4. Nc3 d5 5. h4 h5 6. Nf3 Bg4 7. Be2 Nc6 8. Nb5 O-O 9. Nxc7 Rc8 10. Nb5 Qa5+
11. Nc3 Ne4 12. O-O Nxc3 13. bxc3 Qxc3 14. Rb1 Nb4 15. Ne5 Bxe2 16. Qxe2 Bxe5 17. Bxe5 f6 18. Bf4 e5 19. dxe5 fxe5 20. Bg5 Rfe8
21. Rb3 Qxc2 22. Qb5 Nd3 23. Qxd5+ Kh7 24. Qf7+ Kh8 25. Bf6#
1-0

[Event "CHIJ III"]
[Site "SchemingMind.com"]
[Date "2020.04.07"]
[Round "-"]
[White "theredguard"]
[Black "Raymond de Kemp"]
[Result "0-1"]
[WhiteCountry "USA"]
[BlackCountry "NED"]
[WhiteElo "1360"]
[WhiteRD "96"]
[BlackElo "1879"]
[BlackRD "69"]
[GameID "453212"]

1. e4 c5 2. f4 d5 3. e5 Nc6 4. Bb5 Bd7 5. Bxc6 Bxc6 6. Nf3 e6 7. d4 c4 8. O-O Qb6 9. c3 O-O-O 10. Qe2 Nh6
11. h3 Nf5 12. Kh2 h5 13. Ng5 Qc7 14. Nd2 h4 15. Rf3 Ng3 16. Qe3 Re8 17. Nf1 Ne4 18. f5 Rh5 19. Nxe4 dxe4 20. Rf4 exf5
21. Qf2 Bd7 22. Rxh4 Rxh4 23. Qxh4 f6 24. Bf4 g5
0-1

[Event "CHIJ III"]
[Site "SchemingMind.com"]
[Date "2020.04.08"]
[Round "-"]
[White "Raymond de Kemp"]
[Black "splinter"]
[Result "1/2-1/2"]
[WhiteCountry "NED"]
[BlackCountry "CAN"]
[WhiteElo "1822"]
[WhiteRD "63"]
[BlackElo "1865"]
[BlackRD "76"]
[GameID "453213"]

1. d4 Nf6 2. Bf4 g6 3. Nc3 Bg7 4. e3 d5 5. Nf3 a6 6. Bd3 Nc6 7. Ne5 O-O 8. h4 Nh5 9. Bh2 f5 10. Be2 Qe8
11. Bxh5 gxh5 12. Nxd5 Bxe5 13. dxe5 Qd8 14. e6 Bxe6 15. Nxc7 Qxd1+ 16. Rxd1 Bf7 17. Nxa8 Rxa8 18. a3 Be6 19. b3 Kf7 20. Bf4 Rc8
21. Rh3 Na5 22. Rd2 Nc6 23. Rg3 Na7 24. Be5 Rg8 25. Rxg8 Kxg8 26. Rd8+ Kf7 27. Rh8 Nc6 28. Bc3 Kg6 29. b4 Bd5 30. Rb8 Nxb8
31. f3 b5 32. Kd2 Nd7 33. Kd3 e5 34. e4 Bc4+ 35. Ke3 f4+ 36. Kf2 Kf6 37. g3 fxg3+ 38. Kxg3 Ke6 39. Bd2 Nf6 40. Bg5 Be2
41. Bxf6 Kxf6 42. Kf2 Bd1 43. c3 Ke6 44. Ke3 h6 45. Kf2 Bb3 46. Ke3 Bc4 47. Kd2=
1/2-1/2

[Event "CHIJ III"]
[Site "SchemingMind.com"]
[Date "2020.04.08"]
[Round "-"]
[White "Raymond de Kemp"]
[Black "Paul Clarkson"]
[Result "0-1"]
[WhiteCountry "NED"]
[BlackCountry "CAN"]
[WhiteElo "1879"]
[WhiteRD "69"]
[BlackElo "1979"]
[BlackRD "100"]
[GameID "453214"]

1. d4 Nf6 2. Bf4 g6 3. Nf3 Bg7 4. Nc3 O-O 5. e3 d6 6. Bd3 Nbd7 7. h4 c5 8. h5 Nxh5 9. Rxh5 gxh5 10. Ng5 Nf6
11. Nce4 Bg4 12. f3 Nxe4 13. Bxe4 h6 14. Nxf7 Rxf7 15. fxg4 cxd4 16. Qd2 e5 17. Bg3 d5 18. Bg6 Rf8 19. gxh5 Qg5 20. Bh2 Qh4+
21. g3 Qh3 22. O-O-O dxe3 23. Qxd5+ Kh8 24. Bd3 Rad8 25. Qh1 Rf2 26. Qe4 Rxd3
0-1

[Event "CHIJ III"]
[Site "SchemingMind.com"]
[Date "2020.04.07"]
[Round "-"]
[White "Paul Clarkson"]
[Black "Kenny Elliott"]
[Result "1-0"]
[WhiteCountry "CAN"]
[BlackCountry "USA"]
[WhiteElo "2015"]
[WhiteRD "93"]
[BlackElo "1557"]
[BlackRD "62"]
[GameID "453215"]

1. d4 Nf6 2. Bf4 g6 3. Nf3 Bg7 4. e3 d6 5. Be2 O-O 6. O-O b6 7. c4 Bb7 8. h3 Nbd7 9. Bh2 a5 10. a4 d5
11. Nc3 c5 12. Qb3 e6 13. Bd6 Re8 14. Rfd1 cxd4 15. Nxd4 Nf8 16. Ndb5 Rc8 17. e4 N8d7 18. exd5 exd5 19. Bh2 Bf8 20. Bf1 d4
21. Rxd4 Bc5 22. Rd2 Bb4 23. Rad1 Re6 24. Bd6 Bxd6 25. Nxd6 Rc7 26. Nxb7 Rxb7 27. Be2 Qb8 28. Bf3 Nc5 29. Rd8+ Kg7 30. Rxb8 Nxb3
31. Rxb7 Nc5 32. Rc7 Re8 33. Nd5 Nxd5 34. Bxd5 Nxa4 35. Bxf7 Rf8 36. Be8+
1-0

[Event "CHIJ III"]
[Site "SchemingMind.com"]
[Date "2020.04.07"]
[Round "-"]
[White "theredguard"]
[Black "Paul Clarkson"]
[Result "0-1"]
[WhiteCountry "USA"]
[BlackCountry "CAN"]
[WhiteElo "1360"]
[WhiteRD "96"]
[BlackElo "1979"]
[BlackRD "100"]
[GameID "453216"]

1. e4 e6 2. Bb5 a6 3. Ba4 b5 4. Bb3 Bb7 5. d3 Nf6 6. Bg5 Be7 7. Nd2 O-O 8. f4 c5 9. c4 b4 10. Ngf3 d5
11. cxd5 exd5 12. e5 Ng4 13. Qe2 f6
0-1

[Event "CHIJ III"]
[Site "SchemingMind.com"]
[Date "2020.04.07"]
[Round "-"]
[White "Paul Clarkson"]
[Black "splinter"]
[Result "1-0"]
[WhiteCountry "CAN"]
[BlackCountry "CAN"]
[WhiteElo "2015"]
[WhiteRD "93"]
[BlackElo "1866"]
[BlackRD "71"]
[GameID "453217"]

1. d4 Nf6 2. Bf4 g6 3. Nf3 Bg7 4. e3 b6 5. Be2 Bb7 6. O-O O-O 7. h3 d6 8. c3 Nbd7 9. Nbd2 c5 10. a4 a5
11. Qc2 cxd4 12. exd4 Rc8 13. Rfe1 Nd5 14. Bg3 Kh8 15. Ne4 N7f6 16. Bd3 Nb4 17. Qe2 Nxd3 18. Qxd3 Nxe4 19. Rxe4 Bxe4 20. Qxe4 Qd7
21. Re1 Qxa4 22. Qxe7 Rce8 23. Qxd6 Rxe1+ 24. Nxe1 Qa1 25. Qe7 Qxb2 26. Nf3 a4 27. Ng5 Kg8 28. Bd6 h6 29. Ne4 Qb5 30. Nf6+ Kh8
31. Nd7 Ra8 32. Qxf7 a3 33. Bxa3 Rxa3 34. Qe8+
1-0